000 00680nam a2200289Ia 4500
005 20260324144542.0
008 008 260324s9999 xx 000 0 eng d
020 _a9781315677934
037 _aEBOOK
040 _aCRL
040 _beng
040 _cCRL
041 _2eng
041 _aeng
084 _qCRL
100 _aMichael Allingham
_91161323
245 0 _aUnconscious Contracts
245 2 _bA Psychoanalytical Theory of Society
260 _bTaylor and Francis
260 _c1987
365 _a
365 _b170
856 _uhttp://www.taylorfrancis.com/books/9781315677934
942 _cEBOOK
999 _c1826500
_d1826500